000 00252nam a2200097Ia 4500
001 808769
005 20250826171256.0
008 250824s9999 xx 000 0 und d
245 0 _aSKANDİVYAYI KURTARMAK
_cJOHN FLANAGAN
260 _bBEYAZ BALİNA YAYINLARI
999 _c808769
_d808769